|
|
|
|
| LEADER |
00000nam0a2200000 4500 |
| 001 |
25081 |
| 005 |
20231030200617.0 |
| 010 |
|
|
|a 5804601148
|
| 035 |
|
|
|a (RuTPU)RU\TPU\book\25317
|
| 035 |
|
|
|a BOOK00025392
|
| 090 |
|
|
|a 25081
|
| 100 |
|
|
|a 20011209d2000 m y0rusy50 ca
|
| 101 |
0 |
|
|a rus
|
| 102 |
|
|
|a RU
|
| 105 |
|
|
|a а j 001zy
|
| 200 |
1 |
|
|a Психология
|e учебник для экономических вузов
|f Под ред. В. Н. Дружинина
|
| 210 |
|
|
|a СПб.
|c Питер
|d 2000
|
| 215 |
|
|
|a 671 с.
|c ил.
|
| 225 |
1 |
|
|a Учебник нового века
|
| 320 |
|
|
|a Библиогр.: с. 646-671.
|
| 610 |
1 |
|
|a психология
|
| 610 |
1 |
|
|a социальная психология
|
| 610 |
1 |
|
|a личность
|
| 610 |
1 |
|
|a труд
|
| 610 |
1 |
|
|a деятельность
|
| 610 |
1 |
|
|a экономическая психология
|
| 610 |
1 |
|
|a организационная психология
|
| 610 |
1 |
|
|a учебные пособия
|
| 686 |
|
|
|a Ю93я73
|v LBC/SL-A
|2 rubbk
|
| 702 |
|
1 |
|a Дружинин
|b В. Н.
|4 340
|
| 801 |
|
0 |
|a RU
|b 63413507
|c 20011209
|g PSBO
|
| 801 |
|
2 |
|a RU
|b 63413507
|c 20170407
|g PSBO
|
| 900 |
|
|
|a Конфликтология
|
| 942 |
|
|
|c BK
|